LEADER 01459nam a2200337 u 4500 001 000000058419 003 CaOOAMICUS 005 20070226120705.0 008 010604s1988 it u000 u ita u 035 $a10891335 040 $aPUL(R)$bita 041 1 $aita$hger 100 0 $aBenedictus PP.$bXVI,$d1927-2022.$0(OLS)http://pul/name/14991 245 13$aIl tramonto dell'uomo :$bla scommessa della fede /$cJoseph Ratzinger ; traduzione di Luciano Tosti. 260 $aVigodarzere (Padova) :$bCarroccio,$c1988. 300 $a38 cm. ;$c17 cm 490 1 $aDocumenti 504 $aNote bibliografiche. 650 4$aTeologia morale.$0(OLS)http://pul/subject/1500 650 4$aUomo (filosofia).$0(OLS)http://pul/subject/436 700 1 $aTosti, Luciano.$0(OLS)http://pul/name/12433 830 0$aDocumenti (Carroccio).$0(OLS)http://pul/title/78261 850 $aPUL 852 $aPUL$W1$xDP1 Altre Collocazioni$y17$mSenza collocazione$j12$nBK-PRI$b $qStampati$B76305$CPULBib$Z2$F76305 $H $81 900 $aRatzinger, Joseph,$ccard.,$d1927-2022$914991 900 $aBenedetto XVI,$cpapa,$d1927-$914991 910 $aPapi (2005-2013 : Benedictus PP. XVI)$914991 910 $aPapi (2005-2013 : Benedictus PP. XVI)$914991 941 1 $a8 996 $6245$aIl tramonto dell'uomo :$bla scommessa della fede$9(OLS)http://pul/title/78260 996 $6260$aVigodarzere (Padova) :$bCarroccio$9(OLS)http://pul/publisher/69639 LEADER 01783nam a2200337 u 4500 001 000000078134 003 CaOOAMICUS 005 20070226123409.0 008 040326s2003 be u000 u fre u 020 $a9042913630 (Peeters Leuven) 020 $a2877237478 (Peeters France) 035 $a10988524 040 $aIPA$bita 041 0 $afre$agrc 245 00$aAutour de Théodoret de Cyr :$bla Collectio Coisliniana sur les derniers livres de l'Octateuque et sur les Règnes. Le Commentaire sur les Règnes de Procope de Gaza /$ctexte établi par Françoise Petit. 260 $aLovanii :$bPeeters,$c2003. 300 $alxii, 201 p. ;$c25 cm 490 1 $aTraditio exegetica graeca ;$v13 500 $aComprende riferimenti bibliografici (p. vii-xi) e indice. 600 04$aTheodoretus,$cvesc. di Ciro,$dc. 393-458.$0(OLS)http://pul/subject/9778 600 04$aProcopius Gazaeus,$dc. 465-c. 538.$0(OLS)http://pul/subject/27152 630 04$aBiblia.$pV.T.$xCatene.$0(OLS)http://pul/subject/27153 700 1 $aPetit, Françoise.$0(OLS)http://pul/name/8742 830 0$aTraditio exegetica graeca ;$v13.$0(OLS)http://pul/title/12873 850 $aPUL 852 $aPUL$W1$xDP2 Cons. Gen., Altre Classi 1$y61$m1390 U 66.13$j100247$nBK-PRI$b $qStampati$B100247$CPULBib$Z2$F100247 $HPUL96576 $81 941 1 $a8 996 $6020$a9042913630 (Peeters Leuven)$9(OLS)http://pul/number/102451 996 $6020$a2877237478 (Peeters France)$9(OLS)http://pul/number/102452 996 $6245$aAutour de Théodoret de Cyr :$bla Collectio Coisliniana sur les derniers livres de l'Octateuque et sur les Règnes. Le Commentaire sur les Règnes de Procope de Gaza$9(OLS)http://pul/title/102394 996 $6260$aLovanii :$bPeeters$9(OLS)http://pul/publisher/51983